000 00703nam a22002412a 4500
001 77208
003 BD-RjUL
005 20211209082938.0
008 200303s1951 enka 000 0 eng d
035 _aOCLC ocm27481479 from D960614M
035 _a(BD-RjUL)77433
040 _aEYE
_cEYE
_dUKM
_dEQO
_dBD-RjUL
_beng
041 _aeng
082 _223
_a745.572
_bNOM 1951
100 1 _aNorman, J. T.
_9240264
245 1 0 _aModern plastics for secondary schools /
_cJ. T. Norman.
260 _aLondon :
_bMacmillan,
_c1951
300 _a43 p. :
_billus. ;
_c25 cm.
650 0 _aPlastics craft.
_9240265
650 0 _aHandicraft.
_9240266
942 _2ddc
_cBK
999 _c77208
_d77208